ARRUPE JESUIT UNIVERSITY

CORONAVIRUS -STOP THE SPREAD - CLEAN,DISINFECT,COVER

African Christian morality at the age of inculturation (Record no. 20506)

MARC details
000 -LEADER
fixed length control field 00576nam a2200229Ia 4500
003 - CONTROL NUMBER IDENTIFIER
control field 0100
008 - FIXED-LENGTH DATA ELEMENTS--GENERAL INFORMATION
fixed length control field 130303s9999 xx 000 0 und d
020 ## - INTERNATIONAL STANDARD BOOK NUMBER
International Standard Book Number 9966213872
040 ## - CATALOGING SOURCE
Transcribing agency ARRUPELIB
050 ## - LIBRARY OF CONGRESS CALL NUMBER
Classification number BJ1201.B84 1990
300 ## - PHYSICAL DESCRIPTION
Other physical details 23cm.
100 ## - MAIN ENTRY--PERSONAL NAME
Personal name Bujo, Benezet
245 ## - TITLE STATEMENT
Title African Christian morality at the age of inculturation
260 ## - PUBLICATION, DISTRIBUTION, ETC. (IMPRINT)
Place of publication, distribution, etc Nairobi
260 ## - PUBLICATION, DISTRIBUTION, ETC. (IMPRINT)
Name of publisher, distributor, etc Paulines Publications Africa
260 ## - PUBLICATION, DISTRIBUTION, ETC. (IMPRINT)
-- 1990
300 ## - PHYSICAL DESCRIPTION
Extent 136p.
440 ## - SERIES STATEMENT/ADDED ENTRY--TITLE
Title Christian Leadership in Africa
650 ## - SUBJECT ADDED ENTRY--TOPICAL TERM
Topical term or geographic name as entry element ETHICS
650 ## - SUBJECT ADDED ENTRY--TOPICAL TERM
Topical term following geographic name as entry element Donald Davidson, 1917
942 00 - ADDED ENTRY ELEMENTS (KOHA)
Koha issues (borrowed), all copies 1
Holdings
Withdrawn status Lost status Source of classification or shelving scheme Damaged status Not for loan Collection code Home library Current library Shelving location Date acquired Total Checkouts Full call number Barcode Date last seen Date checked out Copy number Price effective from Koha item type
    Library of Congress Classification     Main Collection ARRUPE LIBRARY ARRUPE LIBRARY   04/03/2013 6 BJ1201.B84 1990 46003095697 21/03/2017 22/02/2017 1 04/03/2013 Monograph ( Printed materials)
    Library of Congress Classification     Main Collection ARRUPE LIBRARY ARRUPE LIBRARY Main Collection 29/10/2020   BJ1201.B84 1990 46600008166 29/10/2020   2 29/10/2020 Monograph ( Printed materials)

 

Arrupe Library. PO Box MP320 Mt Pleasant, Harare, Zimbabwe
263 242 745411|librarian@aju.ac.zw